000 00310nam a22001337a 4500
008 210303b ||||| |||| 00| 0 eng d
020 _a9781932628777
041 _aeng
080 _22nd
_a510
100 _a36
101 _aMAT
245 _aIntroductory & Intermediate ALGEBRA
_cWright,F.D
942 _2udc
_cBK
999 _c55637
_d55637